| 000 | 00892nam a2200289Ia 4500 | ||
|---|---|---|---|
| 003 | OSt | ||
| 005 | 20220928123928.0 | ||
| 006 | a|||||r|||| 00| 0 | ||
| 007 | ta | ||
| 008 | 220927b |||||||| |||| 00| 0 eng d | ||
| 020 | _cINR 985.00 | ||
| 024 | _a142301 | ||
| 037 |
_b9209, 12/12/2019, The Book Seller _cTextual |
||
| 040 |
_aSDCL _cSDCL _beng |
||
| 041 |
_2eng _aeng |
||
| 082 | _aX62.2'P, Q9 | ||
| 100 | _aBhasin Niti | ||
| 245 | 0 | _aBanking and financial markets in India 1947-48 to 2019-20 | |
| 260 |
_aNew Delhi _bNew Century Publications India _c2019 |
||
| 300 |
_axv,244p. _ccm. |
||
| 650 |
_a Banking reforms _9462380 |
||
| 650 | _a Commercial banks | ||
| 650 |
_a Technology and banks _9462381 |
||
| 650 |
_aBusiness Economics _9391653 |
||
| 942 |
_hX62.2'P, Q9 _cTEXL _2CC |
||
| 999 |
_c775365 _d775365 |
||